Govt. of
Madhya Pradesh

Chemistry Meteorology and The Function of Digestion (Record no. 37735)

MARC details
000 -LEADER
fixed length control field 004450000a22001690004500
003 - CONTROL NUMBER IDENTIFIER
control field MACL
005 - DATE AND TIME OF LATEST TRANSACTION
control field 20151229174103.0
008 - FIXED-LENGTH DATA ELEMENTS--GENERAL INFORMATION
fixed length control field 151229b xxu||||| |||| 00| 0 eng d
040 ## - CATALOGING SOURCE
Original cataloging agency MACL
Transcribing agency MACL
041 ## - LANGUAGE CODE
Language code of text/sound track or separate title English
082 ## - DEWEY DECIMAL CLASSIFICATION NUMBER
Classification number 215/PRO
100 ## - MAIN ENTRY--PERSONAL NAME
Personal name Prout, William
9 (RLIN) 24458
245 ## - TITLE STATEMENT
Title Chemistry Meteorology and The Function of Digestion
260 ## - PUBLICATION, DISTRIBUTION, ETC. (IMPRINT)
Name of publisher, distributor, etc. Bell & Daldy
Date of publication, distribution, etc. 1870
650 ## - SUBJECT ADDED ENTRY--TOPICAL TERM
Topical term or geographic name as entry element Science & Religion
9 (RLIN) 24459
942 ## - ADDED ENTRY ELEMENTS (KOHA)
Koha item type Books
Call number prefix 215/PRO
Source of classification or shelving scheme
Holdings
Withdrawn status Lost status Source of classification or shelving scheme Damaged status Not for loan Home library Current library Date acquired Total Checkouts Full call number Barcode Date last seen Uniform Resource Identifier Price effective from Koha item type
          MACL MACL 15/04/2015   215/PRO CLE003597 29/04/2015 37949 15/04/2015 Books